Word Ladder: Danny Rand's Alter Ego Quiz Stats

 Plays Quiz Updated Jun 14, 2019

Score 0/13 Timer 01:00
3 Plays Today
Clue 4-Letter Word % Correct
Sports squadTEAM
95.7%
Ray of lightBEAM
95.3%
Musical rhythmBEAT
95.3%
Highest qualityBEST
94%
Cafeteria carrierTRAY
93.4%
• Tightly closed hand •• FIST •
92.5%
Annoying creaturePEST
92.2%
British streetcarTRAM
92.2%
Time before nowPAST
92.1%
Go without foodFAST
91.9%
Home of Helen and HectorTROY
90.7%
Jeff Bridges sci-fi filmTRON
88.1%
• Element between manganese and cobalt •• IRON •
87.2%

Today's Daily Dose

Missing Word
Banned Books (A-Z)

Word Ladder
Janis Joplin

Get the Picture
Occupations

You're not logged in!

Compare scores with friends on all Sporcle quizzes.
OR
Log In

Sporcle TV

Today on Sporcle TV


Watch our educational content, quiz creation guides, and fun videos on Sporcle TV.

Show Comments

Extras

Top Quizzes Today


Score Distribution

Your Account Isn't Verified!

In order to create a playlist on Sporcle, you need to verify the email address you used during registration. Go to your Sporcle Settings to finish the process.

Report this User

Report this user for behavior that violates our Community Guidelines.

Details: